000 00599nam a22002297a 4500
003 UA-OsUOA
001 91289
007 ta
008 20121126b un ||||| |||| 00| 0 ukr d
100 _aОлейник М.
090 _a821.161.2
_bО-53
942 _cBK
040 _aUA-OsUOA
_bukr
_cUA-OsUOA
_dUA-OsUOA
245 _aПролог
_bроман
300 _a572 с.
955 _a3
041 _aukr
080 _a821.161.2
260 _aМ.
_bСоветский писатель
_c1975
650 7 _a82 Література. Літературознавство
_2UDC
999 _c377573
_d377573